000 00420nam a2200157Ia 4500
008 240729s9999 xx 000 0 und d
022 _a2035-6803
245 0 _aDolomites Research Notes on Approximation
260 _aItaly
260 _bPadova University Press
650 _a Mathematics
650 _aScience
856 _uhttps://doaj.org/toc/77a7b9ab25ef4c8fb1560ee7bedea23b
942 _2ddc
942 _cDOAJEJ
999 _c66003
_d66003
945 _a1
_bMadushi Gamage
_c1
_dMadushi Gamage